[Event "SCG-ch 2nd"]
[Site "Pancevo"]
[Date "2006.03.05"]
[Round "7"]
[White "Kontic, Djordjije"]
[Black "Miladinovic, Igor"]
[Result "1/2-1/2"]
[WhiteElo "2355"]
[BlackElo "2607"]
[Annotator "Babula,V"]
[PlyCount "58"]
[EventDate "2006.02.27"]
[EventType "tourn"]
[EventRounds "13"]
[EventCountry "YUG"]
[EventCategory "11"]
[SourceTitle "CBM 112"]
[Source "ChessBase"]
[SourceDate "2006.06.07"]
[SourceVersion "1"]
[SourceVersionDate "2006.06.07"]
[SourceQuality "1"]

1. e4 c5 2. Ne2 Nc6 3. Nbc3 e6 4. h3 $6 {A dubious move, White wastes time.
But it has its own idea. White takes the g4 square under control and after
d7-d5 he wants to exchange on d5 and play d2-d4.} ({But anyway these both
options are clearly better:} 4. d4 $142 cxd4 5. Nxd4 {leads to the open
Sicilian, the Paulsen.}) ({The main line of} 4. g3 $142 {goes} d5 5. exd5 exd5
6. Bg2 ({I would like to highlight the fact that now} 6. d4 $6 {isn't
convenient due to} Bg4 $1 {[%cal Gg4d1] - that is the reason of White's 4th
move}) 6... d4 (6... Nf6 {allows White to play} 7. d4 {, as} Bg4 {isn't
dangerous for White anymore due to simple} 8. h3) 7. Nd5 Nf6 8. Nef4 Nxd5 9.
Nxd5 Bd6) 4... d5 {This move allows White to realize his idea.} ({Cleverer is} 
4... Nf6 $5 {Lets examine what would happen if White continues in his plan:} 5.
g3 $6 (5. d4 $142 cxd4 6. Nxd4) 5... d5 $1 ({interesting is also} 5... b5 $5 6.
Bg2 b4 7. Na4 Ba6 8. d3 Rc8 9. b3 Be7 $11 {1-0 Andonov,B (2475)-Sveshnikov,E 
(2490)/Sochi 1987/TD (49)}) 6. exd5 exd5 $15 (6... Nxd5 $143 $6 7. Bg2 $11) 7.
d4 $2 {Compare this position with the one from our game after White's 6th move.
White has extra move g2-g3 and Black Ng8-f6, what favours Black:} Qb6 $1 $17 (
7... cxd4 $6 8. Nxd4 Bc5 (8... Qb6 $5) 9. Qe2+ (9. Be3 $2 Qe7 $1 $17 10. Bb5
O-O $1 11. Bxc6 bxc6 12. Nxc6 Qe8 13. Nd4 Rb8 14. Rb1 Ba6 15. Nce2 Qe4 16. Rg1
Rfe8 17. Qd2 Bxe2 18. Nxe2 d4 {0-1 Neubert,F-Jansa,V (2442)/Fuerth 1999/EXT
2000}) 9... Kf8 $5 $15) 8. Be3 (8. Na4 Qa5+ 9. c3 cxd4 10. Nxd4 (10. b4 $6 Nxb4
$19 {0-1 Marholev,D (2350)-Milov,L (2454)/Castelldefels 2004/EXT 2005 (38)})
10... Nxd4 11. Qxd4 Bd7 $17) 8... cxd4 9. Nxd4 Qxb2 $1 (9... Bc5 $2 10. Na4
Qa5+ 11. c3 $13 Bxd4 12. Bxd4 Nxd4 13. Qxd4 O-O 14. f3 $1 Re8+ 15. Kf2 b6 (
15... Ne4+ $2 16. fxe4 Rxe4 17. Re1 $1 $18) 16. Qb4 $1 $14 {1-0 Andonov,B 
(2450)-Jansa,V (2465)/Warsaw 1987/CBM 003 (54)}) 10. Ndb5 $140 Bb4 11. Bd2 Bf5)
5. exd5 exd5 6. d4 {That is White's idea. But anyway Black has no problems at
all.} Nf6 ({Possible is also} 6... c4 $11 {, then Black will develop his Ng8
to e7.}) 7. Be3 ({Of course not} 7. g3 $2 {, what would lead to the position
examined in the note to Black's move 4.}) 7... cxd4 {In this concrete position
a novelty.} ({It was played} 7... c4 {, but in this moment this is not so good
as on the previous move. Black's Nf6 and thus the d5 pawn are more vulnerable,
it deserves attention then} 8. g4 $5) 8. Nxd4 Bb4 9. Bb5 Bd7 ({Interesting
attempt to get the initiative is} 9... Bxc3+ 10. bxc3 O-O $5 {After} 11. Nxc6
bxc6 12. Bxc6 {Black sacrifices the exchange and keeps White's king in the
centre} Ba6 13. Bxa8 Qc7 $1 $44 (13... Qxa8 $2 14. f3 $16 {[%cal Ye1f2]})) 10.
O-O O-O ({To more complicated positions leads} 10... Bxc3 $5 11. bxc3 O-O $11)
11. Nde2 {[%csl Rd5] White connects his knights.} Qa5 12. a3 (12. Nxd5 $4 Nxd5
13. Qxd5 Be6 $19 {[%csl Rb5]}) 12... Bxc3 (12... Be7 $143 $6 13. b4 $14) 13.
Nxc3 d4 $1 {This way Black equalizes.} 14. Bxc6 (14. Bxd4 Nxd4 15. Qxd4 Bxb5
16. Qc5 Rfc8 (16... a6 17. a4) 17. Qxb5 Qxb5 18. Nxb5 Rxc2 19. b4 $11) 14...
dxc3 (14... dxe3 $5 15. Bxd7 Rad8 $11 (15... exf2+ $4 16. Rxf2 Rfd8 17. Rxf6
$18) 16. fxe3 $140 Rxd7 17. Qf3 Qb6) 15. b4 Qf5 $2 {A strange mistake, Black
gives up a pawn for nothing in very simple position.} (15... Qc7 $142 $11) 16.
Bxb7 Rad8 $6 (16... Rab8 $142 17. Ba6 $16) 17. Qf3 $18 Qg6 (17... Qxc2 18. Rac1
Qd3 $140 19. Bc5) 18. a4 {White's pawn majority on the queenside should decide
the game.} Bf5 19. a5 Bxc2 20. Bxa7 Ne4 21. Bc5 Rfe8 22. a6 Nd2 23. Qxc3 Nxf1
24. Rxf1 Be4 25. Bxe4 Qxe4 26. b5 Qe2 {[%cal Ye2f1,Yd8d1] It threats the mate.}
27. Qb3 Rd3 28. Qb1 $2 (28. Qa4 $142 $18) 28... Rd5 29. Rc1 Red8 $2 {I don't
understand why White didn't continue to play and perhaps accepted the draw.
His position is won after Black's mistake.} (29... Rd2 $142 $1 $14 {[%csl Rb5]
[%cal Yd2b2]} 30. a7 Rb2 31. Qf5 (31. Qa1 Ra2) 31... Qxb5) (29... Red8 $2 30.
a7 $18 Rd1+ $140 31. Rxd1 Rxd1+ 32. Kh2 Qe5+ 33. g3) 1/2-1/2

[Event "WchT 6th"]
[Site "Beersheba"]
[Date "2005.11.01"]
[Round "1.1"]
[White "Wang, Yu A"]
[Black "Bu, Xiangzhi"]
[Result "0-1"]
[WhiteElo "2396"]
[BlackElo "2637"]
[Annotator "Babula,V"]
[PlyCount "122"]
[EventDate "2005.11.01"]
[EventType "team-tourn"]
[EventRounds "9"]
[EventCountry "ISR"]
[SourceTitle "CBM 110"]
[Source "ChessBase"]
[SourceDate "2006.01.31"]
[SourceVersion "1"]
[SourceVersionDate "2006.01.31"]
[SourceQuality "1"]
[WhiteTeam "China (W)"]
[BlackTeam "China"]
[WhiteTeamCountry "CHN"]
[BlackTeamCountry "CHN"]

1. e4 c5 2. Nc3 a6 3. g3 e6 ({Principled is} 3... b5) 4. Bg2 Nc6 5. Nge2 {
White prepares the d2-d4 advance, the game will then transpose to the open
Sicilian, the Paulsen.} ({Possible are also schemes with d2-d3:} 5. d3 Nf6 6.
f4 d6 (6... d5 7. e5) 7. Nf3 Qc7 8. O-O Be7 9. h3 b5 10. Be3 Bb7 $11 {0-1
Kukla, Piotr (2101) - Kempinski, Robert (2587) / POL Team Ch (4), Lubniewice
POL 2002 (28)}) 5... Nf6 ({An equivalent alternative is} 5... Nge7 {and after}
6. d4 (6. O-O g6 7. d4 cxd4 8. Nxd4 Bg7) 6... cxd4 7. Nxd4 Nxd4 8. Qxd4 Nc6 {
we reach one of the main lines in the Paulsen, B46.}) ({Little risky is} 5...
b5 {as Black slightly neglects development. After} 6. d4 {White has somewhat
more possibilities to fight for an opening advantage.}) 6. d4 cxd4 7. Nxd4 Nxd4
{Unambitious move, what is surprising as Black is much stronger then his
opponent.} ({Deserves attention} 7... Qc7 {, which leads to the main lines of
the Paulsen or the Scheveningen:} 8. O-O Be7 (8... Bc5 {B48}) (8... Nxd4 9.
Qxd4 Bc5 {B48}) (8... d6 {B80}) 9. Re1 O-O {B48} (9... d6 {B80})) 8. Qxd4 d6 ({
Now is} 8... Qc7 $2 {bad:} 9. Bf4 (9. e5 Bc5 10. Qf4 Nh5 11. Qg5 $16) 9... Qc5
10. Qd2 d6 11. O-O-O $16 {1-0 Tomcsanyi,P-Dolgener,T/Budapest 1993/CBM 036 ext
(31)}) 9. O-O Qc7 {Aimed against the simplifying advance e4-e5.} (9... Be7 10.
e5 dxe5 11. Qxe5 O-O) 10. Bg5 Be7 11. Rad1 {Black should act now so that after
Bxf6 he could play Bxf6 and get the sufficient compensation for the sacrificed
pawn d6. After gxf6 the arising position is complicated enough, but White
nevertheless has an edge. Black's defective pawn structure is more important
factor than Black's pair of bishops.} O-O $6 {An inaccuracy.} ({Considering
the note above, it was better} 11... Bd7 $142 {[%cal Ya8c8] , the critical
position arises after} 12. Kh1 (12. Bxf6 Bxf6 $1 13. Qxd6 Rc8 $1 $44 14. f4
Bxc3 15. bxc3 Bb5) 12... Rc8 13. f4 {1-0 Almagro Llanas,P-Haddad,M/Oropesa del
Mar 1999/CBM 072 ext (27)}) 12. Na4 $6 {White misses an opportunity.} ({After} 
12. Bxf6 $142 {Black is almost forced to play} gxf6 $14 ({as} 12... Bxf6 $2 13.
Qxd6 {doesn't give Black any real compensation})) 12... b5 13. Nb6 Rb8 14. Nxc8
Rfxc8 15. c3 $11 {Now the position is equal. But Black fights for more,
creates his opponent problems and finally he overplays her in the ending.} Rd8
{[%csl Rd6] Black protects his d6-pawn.} 16. Rfe1 (16. h3 $5) 16... Ng4 $5 17.
Bxe7 Qxe7 18. h3 (18. f4 $4 e5 $19 {[%cal Ye7a7]}) 18... Ne5 19. f4 Nc4 20. Qf2
Qc7 21. Rd3 h6 22. Kh2 Qc5 23. Qe2 Rd7 24. Red1 Rbd8 25. Bf3 Nb6 26. Qe3 (26.
h4 $5) 26... Qxe3 27. Rxe3 Nc4 28. Re2 Kf8 $11 {[%csl Rd6][%cal Yf8e7] Without
queens Black can easily protect his d6 pawn by the king and then he will free
his rooks.} 29. Kg2 Ke7 30. Kf2 (30. h4 $5) 30... g5 31. Rc2 Rc7 32. Be2 gxf4
33. gxf4 Nb6 34. Rcd2 Rc5 35. Rg1 $6 {It looks well, but it is in fact a
dubious idea. The rook on g7 will have nothing to do there.} (35. Ke3 $11)
35... Nd7 {[%csl Re4][%cal Yd7f6]} 36. Rg7 Nf6 37. Bf3 Rb8 {[%cal Yb5b4]} 38.
a3 a5 {Black has achieved perhaps an ideal position of his forces. White has
to calculate always with the b5-b4 advance.} 39. Rg1 e5 40. Rgd1 Rb6 41. Ke3
Rc8 42. fxe5 $6 {White improves Black's pawn structure for nothing.} dxe5 43.
Bg4 Rg8 44. Bf5 Rbb8 45. Rd6 $6 {A further inaccuracy gives Black an advantage
as his rooks will penetrate to White's position.} ({In spite of White's
previous ones, after correct} 45. Kf3 $142 $11 {the position is still
approximately equal.}) 45... Rg3+ 46. Ke2 (46. Kf2 Rbg8 $15 {and then for
example} 47. R1d2 Rg2+ 48. Ke1 Rg1+ 49. Ke2 R8g2+ 50. Kf3 Rg3+ 51. Kf2 Nh5 $1)
46... Rg2+ 47. Kf3 $2 {A decisive mistake.} (47. Kf1 $142 {gives White still
drawing chances:} Rxb2 (47... Rbg8 48. R6d2 $15) 48. Ra6 $15) 47... Rbg8 48.
Bg4 Rxb2 $6 ({Black oversees easy tactics winning almost immediately:} 48...
Rg3+ $142 $1 $19) (48... Rf2+ $142 $1 $19) 49. Ra6 $17 Nxg4 {The rest of the
game Black plays technically well and gives White no hopes.} 50. hxg4 Rc8 51.
Ra7+ ({Black should win also after} 51. Rd3 a4 52. Rxh6 Rb3 53. Rb6 Rcxc3 $17)
51... Kf6 52. Rd6+ Kg5 53. Rd3 Rb3 54. Rxf7 Rcxc3 55. Rf5+ Kg6 56. Rxc3 Rxc3+
57. Ke2 Rc5 (57... Rxa3 58. Rxe5 b4 $19) 58. Kd3 b4 59. axb4 axb4 60. Rf8 Kg5
61. Rb8 Rc3+ (61... Rc3+ 62. Kd2 Kxg4 63. Rxb4 Rh3 $19 {is hopeless.}) 0-1

[Event "Hoogovens-B"]
[Site "Wijk aan Zee"]
[Date "1998.01.31"]
[Round "11"]
[White "Kuijf, Marinus"]
[Black "Shaked, Tal"]
[Result "1-0"]
[WhiteElo "2460"]
[BlackElo "2535"]
[Annotator "Baburin,A"]
[PlyCount "45"]
[EventDate "1998.01.20"]
[EventType "tourn"]
[EventRounds "11"]
[EventCountry "NED"]
[EventCategory "10"]
[SourceTitle "CBM 063"]
[Source "ChessBase"]
[SourceDate "1998.03.26"]
[SourceVersion "1"]
[SourceVersionDate "1998.03.26"]
[SourceQuality "1"]

1. e4 c5 2. Ne2 e6 3. Nbc3 a6 4. g3 b5 5. Bg2 Bb7 6. O-O b4 {Perhaps this is a
bit premature. The pawn on b4 will become the target of White's attack while
Black is still behind in development.} 7. Na4 Nf6 8. d3 d6 9. a3 a5 10. c3 $1
Nc6 11. d4 cxd4 12. cxd4 d5 13. exd5 Nxd5 {Playing quite naturally White has
reached a particularly good position featuring the isolated d-pawn: his
opponent has to spend some time in order to castle, while there are apparent
weaknesses on the c-file (the c5-square in particular).} 14. Nf4 $1 {[%cal
Rf4d5]} Nce7 $2 {Black is trying to hold on to his control over the blockading
d5-square, but not just falls further behind in development.} ({Probably Black
had to settle for} 14... Nxf4 15. Bxf4 Be7 16. Nc5 Bxc5 17. dxc5 $16 {[%csl
Rd6]}) 15. Nc5 {[%csl Re6][%cal Rc5b7,Rc5e6]} Bc6 16. Nfxe6 $3 {A terrific
blow, which completely refutes Black's strategy.} fxe6 17. Qh5+ g6 ({The
variation} 17... Ng6 18. Nxe6 Qd7 19. Bxd5 Bxd5 20. Qxd5 Qxd5 21. Nc7+ {
is trivial.}) 18. Qe5 Rg8 19. Bg5 $1 {White calmly brings more pieces into
attack, making Black's survival impossible.} ({Also quite good would be} 19.
Nxe6 Qd7 20. axb4) 19... h6 (19... Bg7 20. Qxe6 $18) 20. Bxe7 Nxe7 (20... Bxe7
21. Qxe6 $18 {[%cal Re6c6,Re6g8]}) 21. Bxc6+ Nxc6 22. Qxe6+ Ne7 23. Ne4 {
A great performance from White!} 1-0

[Event "EU-ch 1st"]
[Site "Saint Vincent"]
[Date "2000.07.10"]
[Round "7"]
[White "Godena, Michele"]
[Black "Drei, Andrea"]
[Result "1-0"]
[WhiteElo "2485"]
[BlackElo "2350"]
[Annotator "Baburin,A"]
[PlyCount "77"]
[EventDate "2000.07.03"]
[EventType "swiss"]
[EventRounds "11"]
[EventCountry "ITA"]
[SourceTitle "CBM 078"]
[Source "ChessBase"]
[SourceDate "2000.10.18"]
[SourceVersion "1"]
[SourceVersionDate "2000.10.18"]
[SourceQuality "1"]

1. e4 c5 2. Nc3 Nc6 3. Bb5 Nd4 4. Bc4 g6 5. Nf3 a6 6. Nxd4 cxd4 7. Qf3 e6 8.
Ne2 Bg7 9. d3 Ne7 10. Bb3 Nc6 11. Qg3 d6 12. Bd2 b5 13. a4 Rb8 14. axb5 axb5
15. O-O O-O 16. Bf4 e5 17. Bg5 Qc7 18. f4 Kh8 19. fxe5 dxe5 20. Qh4 f5 21. exf5
gxf5 22. Ng3 Na5 23. Bd5 Qd6 24. Ba2 Nc6 25. Nh5 f4 26. Nxg7 Kxg7 {[%tqu "En",
"How would you develop White's initiative on the kingside?","You need to
create threats on the kingside as soon as possible. The best place for it is
the h-file.","Your light-squared bishop is observing an empty diagonal, so you
may need to employ it properly.","a2d5","This is a very nice shift!",6]} 27.
Bd5 $1 Bb7 (27... Qxd5 28. Bh6+ Kf7 29. Qh5+ Ke7 30. Bxf8+ Kxf8 31. Rxf4+ $40)
28. Be4 h6 {[%tqu "En","Now your g5-bishop is in danger. How to continue?",
"Bring more pieces into the attack!","","f1f3","",5]} 29. Rf3 $1 hxg5 30. Qh7+
Kf6 31. Rh3 Ke6 32. Rh6+ Rf6 33. Qf5+ $1 Ke7 34. Rh7+ Kd8 35. Qxg5 Ne7 {
[%tqu "En","How should White continue?","Put more pressure on Black's minor
pieces.","Employ your idle rook on a1.","e4b7","Exchanging pieces while in
attack is rarely a good idea.",0,"a1a7","This move puts the activity of
White's pieces to the maximum.",5]} 36. Bxb7 $2 (36. Ra7 $1 $18 Kc7 37. Qg7 Re6
38. Rh8 $1) 36... Rxb7 37. Qg7 Kd7 $4 (37... Re6 $1) {[%tqu "En","How to
conclude the game?","Use the battery on the 7th rank.","Decoy the enemy queen.
","a1a6","",3]} 38. Ra6 $1 $18 Qb4 39. c3 $1 1-0

[Event "Alushta Autumn 1st"]
[Site "Alushta"]
[Date "2004.08.28"]
[Round "1"]
[White "Paragua, Mark"]
[Black "Paramonov, Dimitriy"]
[Result "1-0"]
[WhiteElo "2529"]
[BlackElo "2362"]
[Annotator "Bangiev,A"]
[PlyCount "185"]
[EventDate "2004.08.28"]
[EventType "tourn"]
[EventRounds "15"]
[EventCountry "UKR"]
[EventCategory "9"]
[SourceTitle "CBM 103"]
[Source "ChessBase"]
[SourceDate "2004.11.11"]
[SourceVersion "1"]
[SourceVersionDate "2004.11.11"]
[SourceQuality "1"]

1. e4 c5 2. Nc3 Nc6 3. Bb5 Nd4 {[%cal Ye4f5,Ye6f7]} 4. Bc4 {[%cal Ye6f7]} g6 {
[%cal Ye4f5,Ye6f7]} 5. Nf3 {[%cal Ye6f7]} Bg7 {[%cal Ye4f5,Ye6f7]} 6. Nxd4 {
[%cal Ye6f7]} cxd4 {[%cal Ye6f7,Ye4f5]} 7. Qf3 {[%cal Ye6f7]} Nh6 8. Ne2 (8. d3
) 8... O-O 9. d3 {[%cal Gc7e5,Gg7e5]} Ng4 {[%cal Ye4f5,Ye6f7]} 10. Bb3 {
[%cal Ye6f7]} d6 11. Qg3 a5 12. a4 {[%cal Ye6f7]} Nf6 {[%cal Ye4f5,Ye6f7]} 13.
f4 {[%cal Ye4f5,Ye6f7] Weiß verfolgt die e4-Strategie in Richtung f5, greift
die Felder e6,f7 an. Dabei soll der Läufer b3 eine wichtige Rolle spielen.} e6
14. O-O Nd7 {[%cal Ye6f7,Ye4f5]} 15. f5 Nc5 {[%cal Ye6f7] Schwarz möchte den
gefährlichen Läufer b3 entfernen.} (15... exf5 16. exf5 {[%cal Ye6f7,Ye4f5]})
16. Ba2 $1 (16. fxg6 $6 hxg6) 16... Kh8 {[%cal Ye4f5,Gg7e5]} (16... exf5 {
[%cal Gg7e5,Ye6f7,Ye4f5]} 17. Bg5 (17. exf5 Bxf5 18. Rxf5 gxf5 19. Bg5 Qe8 {
/\Qe3}) (17. Bf4 Qb6 18. Bxd6 Re8) 17... Qc7 {[%cal Gg7e5]} (17... Qb6 18. exf5
Bxf5 19. Rxf5 gxf5 20. Bf6) 18. exf5 Bxf5 19. Rxf5 gxf5 20. Nf4 (20. Bf6 Ne6
21. Nf4 Kh8 22. Bxe6 Bxf6 23. Bxf5 Bg7 $13) 20... Kh8 21. Qh4 Nd7 22. Bb3 {
/\Rf1-f3-h3, z.B.} Qc5 23. Rf1 b5 24. Rf3 $18) (16... Nxa4 17. fxe6 fxe6 18.
Rxf8+ Qxf8 19. Bf4 $16) 17. f6 $1 {[%mdl 32] Weiß plant damit die Felder e5,d6,
f6,g7 zu schwächen.} (17. Bg5 f6) (17. fxe6 fxe6 18. Bf4 e5) 17... Bxf6 18.
Rxf6 Qxf6 19. Qxd6 Nd7 20. Bh6 Re8 21. Rf1 Qe5 22. Qxd4 $16 {[%cal Gc7e5,Gg7e5,
Of1f7] Man beachte: e5-Raum ist nicht ausreichend gedeckt.} Kg8 23. Qf2 f6 {
[%cal Ye4f5,Oe5b2,Ye6f7]} (23... Qc5 24. d4) 24. Nd4 (24. d4 $1 Qc7 (24... Qh5
25. Bd2 {/\Nf4}) (24... Qxe4 25. Nf4 {[%cal Ye6f7]}) 25. Nc3 $18 {/\e5; /\Nb5}
Ra6 (25... Qc6 26. d5) (25... b6 26. Nb5) 26. e5 f5 27. Nb5 Qd8 28. Bb3 {/\Nd6}
) 24... Ra6 25. Bc4 Rd6 26. Nb5 Rc6 27. Bf4 Qxb2 28. Be3 $6 (28. Bb3 $1 $18)
28... Qb4 29. e5 Rf8 30. Bh6 Nxe5 31. Bxf8 Qxf8 32. Bb3 Bd7 33. Qa7 Qd8 34.
Qxb7 Kg7 35. Qa7 Qb6+ 36. d4 Qxa7 37. Nxa7 Ra6 38. Nb5 Nf7 39. c4 Ra8 40. c5
Rb8 41. Rc1 Nd8 42. Bc4 f5 43. Be2 Bc6 44. Na7 Bxa4 45. Bf3 Rb4 46. c6 Nxc6 47.
Nxc6 Bxc6 48. Rxc6 Rxd4 49. Rxe6 h5 50. Ra6 a4 51. Bc6 Rd6 52. Ra7+ Kh6 53.
Bxa4 h4 54. h3 Rb6 55. Rc7 Rb4 56. Be8 Rb8 57. Bf7 Rb6 58. Kh2 Rf6 59. Bd5 Rd6
60. Bf3 Kg5 61. Rc6 Rd8 62. Re6 Rg8 63. Bc6 Kf4 64. Re7 Rb8 65. Bd7 Rb7 66. Rg7
Rb6 67. Re7 Rd6 68. Bc8 Rc6 69. Bb7 Rb6 70. Rd7 Kg5 71. Kg1 Kf4 72. Bf3 Ra6 73.
Kf1 Re6 74. Rc7 Ra6 75. Kf2 Ra2+ 76. Be2 Rb2 77. Rc4+ Kg5 78. Rc6 Rb3 79. Bc4
Rb7 80. Ke3 Re7+ 81. Kd4 Rg7 82. Ke5 Re7+ 83. Re6 Rb7 84. Bd5 Ra7 85. Bc6 Rh7
86. Be8 Rg7 87. Bc6 Ra7 88. Kd6 Rh7 89. Bd7 Rf7 90. Kc7 Rg7 91. Kd8 Rg8+ 92.
Be8 Rg7 93. Re7 1-0

[Event "CUB-ch"]
[Site "Las Tunas"]
[Date "2001.04.16"]
[Round "15"]
[White "Gongora Reyes, Maikel"]
[Black "Dominguez Perez, Leinier"]
[Result "0-1"]
[WhiteElo "2417"]
[BlackElo "2556"]
[Annotator "Bangiev,A"]
[PlyCount "68"]
[EventDate "2001.04.01"]
[EventType "tourn"]
[EventRounds "16"]
[EventCountry "CUB"]
[EventCategory "9"]
[SourceTitle "CBM 083"]
[Source "ChessBase"]
[SourceDate "2001.07.05"]
[SourceVersion "1"]
[SourceVersionDate "2001.07.05"]
[SourceQuality "1"]

1. e4 c5 2. Nc3 d6 3. f4 g6 4. Nf3 Bg7 5. Bc4 e6 6. O-O Ne7 7. Qe1 O-O 8. d3
Nbc6 9. f5 $6 (9. Bb3 $142 d5 $6 10. e5) 9... d5 $1 10. Bb3 dxe4 11. dxe4 exf5
(11... gxf5 12. Bg5 Qc7 13. Kh1 a6 14. exf5 Nxf5 15. Nh4 Nxh4 16. Qxh4 f5 17.
Rae1 {1-0 Gdanski,J-Kempinski,R/Lubniewice 1993/TD (54)}) 12. Qh4 Nd4 13. Bg5
Nxf3+ (13... Re8 $2 14. Nd5 Nxf3+ {1-0 Branding,V-Ophoff,R/Enger/Spenge 1998})
14. Rxf3 Qd4+ 15. Kh1 fxe4 $1 {Es sieht so aus, als ob Schwarz die beste
Variante gegen den Vorstß 9.f5 schon gefunden hat. Es ist fraglich, ob Weiß
seinen Entwicklungsvorsprung hier ausnutzen könnte.} 16. Rd1 $6 {[%mdl 8]} (16.
Nxe4 Nf5 17. Qe1 Qe5 18. Rd1 h6 19. Rd5 Qxb2 20. Bc1 Qa1 21. Nxc5 b6 22. Ne4
Bb7 23. Rd1 Qe5 24. Rxf5 $1 gxf5 25. Nd6 $13 {1/2-1/2 Deglmann,L-Johann,C/
Passau 1997/(47)}) (16. Bxf7+ Rxf7 17. Rxf7 Kxf7 18. Bxe7 e3 19. Re1 Bf5 $17) (
16. Qxe4 $5 Nf5 17. Re1) 16... exf3 $1 17. Rxd4 fxg2+ 18. Kxg2 Nf5 19. Qe4 cxd4
$17 20. Nd5 Bd7 {/\Bc6} 21. Nb4 Be6 (21... a5 22. Qxb7) 22. Bxe6 fxe6 23. Nd3
Rae8 24. Qxb7 e5 25. Nc5 h6 26. Bd2 Kh7 27. b4 (27. Qe4 $142) 27... e4 $1 {
[%mdl 128]} 28. Nxe4 Ne3+ 29. Kh3 Re5 30. Ng3 Rf2 31. Be1 Rf4 32. b5 g5 33. Nh5
g4+ 34. Kg3 Rf3+ 0-1